Central Library OPAC University of Rajshahi

ইসলামের ভূমি ব্যবস্থা : (Record no. 44988)

MARC details
000 -LEADER
fixed length control field 00908nam a22002417a 4500
001 - CONTROL NUMBER
control field 44988
003 - CONTROL NUMBER IDENTIFIER
rucl marc code BD-RjUL
005 - DATE AND TIME OF LATEST TRANSACTION
control field 20211209053938.0
008 - FIXED-LENGTH DATA ELEMENTS--GENERAL INFORMATION
fixed length control field 160721s1982 bg ||||| |||| 00| 0 ben d
020 ## - INTERNATIONAL STANDARD BOOK NUMBER
Terms of availability : Tk 15.00
035 ## - SYSTEM CONTROL NUMBER
System control number (BD-RjUL) 45106
040 ## - CATALOGING SOURCE
Original cataloging agency BD-RjUL
Language of cataloging ben
Transcribing agency BD-RjUL
041 ## - LANGUAGE CODE
Language code of text/sound track or separate title ben
082 ## - DEWEY DECIMAL CLASSIFICATION NUMBER
Edition number 23
Classification number 333.73
Author mark and year ISL 1982
245 ## - TITLE STATEMENT
Title ইসলামের ভূমি ব্যবস্থা :
Remainder of title প্রবন্ধ সংকলন /
Statement of responsibility, etc. এম.এ.সামাদ
260 ## - PUBLICATION, DISTRIBUTION, ETC. (IMPRINT)
Place of publication, distribution, etc. ফরিদপুর :
Name of publisher, distributor, etc. ইসলামিক ফাউডেশন বাংলাদেশ,
Date of publication, distribution, etc. ১৯৮২
300 ## - PHYSICAL DESCRIPTION
Pagination ১৬০ পৃ. ;
Size ২১ সেমি.
500 ## - GENERAL NOTE
General note গ্রন্থপঞ্জী সংবিলত
650 ## - SUBJECT ADDED ENTRY--TOPICAL TERM
Topical term or geographic name as entry element Land Policy
9 (RLIN) 137869
Topical term or geographic name as entry element ভূমি ব্যবস্থা
9 (RLIN) 137870
700 ## - ADDED ENTRY--PERSONAL NAME
Personal name সামাদ, এম.এ.
942 ## - ADDED ENTRY ELEMENTS (KOHA)
Source of classification or shelving scheme Dewey Decimal Classification
Koha item type Books
Holdings
Lost status Source of classification or shelving scheme Damaged status Not for loan Collection code Permanent Location Current Location Shelving location Date acquired Source of acquisition Cost, normal purchase price Total Checkouts Full call number Date last seen Copy number Koha item type
  Dewey Decimal Classification     Non-fiction Central Library, University of Rajshahi Central Library, University of Rajshahi   12/06/1990 Prof.Sowkot osman,Dhaka 15.60   B 333.73 ISL 1982 21/07/2016 C-2 Books
  Dewey Decimal Classification     Non-fiction Central Library, University of Rajshahi Central Library, University of Rajshahi   10/05/1983 Islami foundation, Rajshahi 28.00   B 333.73 ISL 1982 12/11/2016 C-3 Books
  Dewey Decimal Classification   Not For Loan Non-fiction Central Library, University of Rajshahi Central Library, University of Rajshahi Reading Room 02/11/1983 Islami foundation, Rajshahi     B 333.73 ISL 1982 27/12/2016 C-1 Books